000 00359nam a2200145Ia 4500
008 150201s2003 xx 000 0 und d
082 _a611.313
_bW2003A
100 _aASH,MAJOR.M
245 _aWHEELERS DENTAL ANATOMY PHYSIOLOGY OCCLUSION
250 _a8TH
260 _bAITBS
_aDELHI
_c2003
300 _a1-525
650 _aDENTAL ANATOMY
942 _2ddc
_cBK
999 _c2896
_d2896